LEADER 00839nam a2200253 i 4500 001 991002030379707536 005 20020503160412.0 008 010315s192- it ||| | ita 035 $ab10306936-39ule_inst 035 $aEXGIL96394$9ExL 040 $aBiblioteca Interfacoltà$bita 082 0 $a238 100 1 $aGangale, Giuseppe$0217841 245 10$aCalvino /$cGiuseppe Gangale 260 $aRoma :$bDoxa,$c[192-] 300 $a72 p. ;$c20 cm. 490 0 $aCollezione di storia religione e filosofia ;$v1 600 14$aCalvin, Jean 907 $a.b10306936$b17-02-17$c27-06-02 912 $a991002030379707536 945 $aLE002 Busta 29 6$g1$i2002000795861$lle002$o-$pE0.00$q-$rn$so $t0$u0$v0$w0$x0$y.i10362423$z27-06-02 996 $aCalvino$9201645 997 $aUNISALENTO 998 $ale002$b01-01-01$cm$da $e-$fita$git $h0$i1 LEADER 01506nas 2200493-a 450 001 996214422203316 005 20230518213020.0 011 $a1558-3449 035 $a(OCoLC)40522680 035 $a(CKB)110976705266623 035 $a(CONSER)sn-98034790- 035 $a(EXLCZ)99110976705266623 100 $a19981219a19949999 s-- a 101 0 $aeng 135 $aurcnu|||||||| 181 $ctxt$2rdacontent 182 $cc$2rdamedia 183 $acr$2rdacarrier 200 10$aInteractions 210 $aNew York, NY $cAssociation for Computing Machinery$d©1994- 300 $aRefereed/Peer-reviewed 300 $aTitle from title screen. 311 $a1072-5520 606 $aHuman-computer interaction$vPeriodicals 606 $aInteraction personne-ordinateur$vPériodiques 606 $aHuman-computer interaction$2fast$3(OCoLC)fst00963494 606 $aMensch-Maschine-System$2gnd 606 $aZeitschrift$2gnd 606 $aOnline-Ressource$2gnd 606 $aMens-computer-interactie$2gtt 608 $aPeriodicals.$2fast 615 0$aHuman-computer interaction 615 6$aInteraction personne-ordinateur 615 7$aHuman-computer interaction. 615 7$aMensch-Maschine-System 615 7$aZeitschrift 615 7$aOnline-Ressource 615 17$aMens-computer-interactie. 676 $a004 712 02$aAssociation for Computing Machinery. 906 $aJOURNAL 912 $a996214422203316 996 $aInteractions$9916273 997 $aUNISA